| 000 | 01234nam a2200325 a 4500 | ||
|---|---|---|---|
| 001 | 000112960 | ||
| 003 | CHAP | ||
| 005 | 20220329144330.0 | ||
| 008 | 170227s2016 mx sm |||||||spa d | ||
| 010 | _a109421 | ||
| 011 | _a110393 | ||
| 040 | _cCHAP | ||
| 090 | _aTesis | ||
| 100 | 1 |
_aMonsivais Marquez, Salvador. _9131604 |
|
| 245 | 1 | 0 |
_aNaturaleza-poder -cultural : _h[En línea] _bpercepciones y representaciones entre los Nahuas o mexicanos / _cpor Salvador Monsivais Marquez. |
| 260 |
_aChapingo, Méx. : _bEl autor, _c2016. |
||
| 500 | _aPara ver el contenido del material haga clic en la liga | ||
| 502 | _aTesis (Ph. D. en Ciencias Agrarias)-- UACH. Departamento de Sociología Rural | ||
| 590 |
_aBATCH-UPD _b05 _c20170227 _lUCH01 _h1359 |
||
| 590 |
_aE11695DGD _b10 _c20170301 _lUCH01 _h0944 |
||
| 590 |
_aE5765TAJ _b05 _c20170227 _lUCH01 _h1358 |
||
| 590 |
_aE5765TAJ _b05 _c20170228 _lUCH01 _h0849 |
||
| 650 | 1 | 4 |
_aIndios de Oaxaca _xPolítica y gobierno. _9127702 |
| 650 | 1 | 4 |
_aIndios de Oaxaca _xRelaciones gubernamentales. _9131605 |
| 650 | 1 | 4 |
_aNahuas _xVida social y costumbres. _980062 |
| 856 |
_aFinding aid _uhttp://10.13.5.2/tesis/sist112960.pdf _zTeclea aquí |
||
| 901 | _aBK | ||
| 942 | _cTESIS | ||
| 942 | _n0 | ||
| 999 |
_c109421 _d109421 |
||